10 Most Protestant U.S. States - Statistics

General Stats
  • This quiz has been taken 13 times
  • The average score is 9 of 10
Answer Stats
% State % Correct
78.0 Alabama
100%
73.0 Tennessee
100%
67.0 Georgia
92%
77.0 Mississippi
92%
66.0 South Carolina
92%
70.0 Arkansas
83%
66.0 North Carolina
83%
69.0 Oklahoma
83%
65.0 Kentucky
75%
70.0 West Virginia
75%
No matching quizzes found
Score Distribution
Percent of People with Each Score
Percentile by Number Answered
Your Score History
You have not taken this quiz